000 01566nam a2200337 a 4500
001 BRCA_3155
005 20190320204134.0
008 110209s1884----fr-a---###---#000-0#fre-u
041 _afre
044 _afr
084 _a457
_b.B54
_c1884
100 1 _aCervantes Saavedra, Miguel de
_d1547-1616
_9213
245 1 0 _aL´Histoire de Don Quichotte de la Manche
_cpar Michel Cervantes.
260 _aParís
_bBibliophiles
_c1884
300 _a6 v.
_bil.
_c18 cm.
500 _aContenido : v 1. Primera parte. Retrato de Cervantes. Nota del editor. Prefacio de E. Gebhart. Prólogo del autor. Texto. -- v 2. Texto. -- v 3. Texto. -- v 4. Segunda parte. Texto. -- v 5. Texto. -- v 6. Texto
500 _aEdición : Premiére traduction francaise par C. Oudin et F. Rosset. Avec une préface par E. Gebhart. Dessins de J. Worms gravés á l´eau-forte par De los Ríos
500 _aLas primeras traducciones francesas de C. Oudin y F. Rosset, revisada, prologadas y anotadas Lúdovik Osterc
500 _aEstado físico : La encuadernación se encuentra maltratada
500 _aCon ex-libris de : Sin nombre
500 _aQM385
546 _aTexto en : francés
650 1 4 _aNovela española
_yÉpoca clásica, 1500-1700
_9215
650 1 4 _aLiteratura española
_yÉpoca clásica, 1500-1700
_9216
650 1 4 _aNovela española
_ySiglo XVII
_9217
650 1 4 _aDon Quijote (Personaje ficticio)
_eNovela
_9218
700 1 _aOudin, Cesar
_d-1625
_eTraductor
_98288
740 0 _aEl Ingenioso Hidalgo Don Quijote de la Mancha
902 _aQFM
942 _2lcc
_cB
999 _c2891
_d2891